Statistics for Countries Apart From France That .....

Click here to take the quiz!

General Stats

  • This quiz has been taken 69 times
  • The average score is 13 of 18

Answer Stats

Answer% Correct
Are European and have French as an official language | Border ItalySwitzerland
94%
Are European and have French as an official languageBelgium
94%
Are European and have French as an official languageLuxembourg
93%
Are European and have French as an official languageMonaco
90%
Border ItalyAustria
90%
Border ItalyVatican City
85%
Border ItalySan Marino
84%
Begin with FFinland
84%
Begin with FFiji
82%
Border ItalySlovenia
82%
Have only one syllableSpain
79%
Have only one syllableChad
70%
Have a Capital beginning with PAPanama(Panama City)
63%
Have only one syllableLaos
51%
Have only one syllableGreece
49%
Have a Capital beginning with PASuriname(Paramaribo)
36%
Have a Capital beginning with PAMicronesia(Palikir)
24%

Score Distribution

Percentile by Number Answered

Percent of People with Each Score

Your Score History

You have not taken this quiz